Library Logo

آزادی کے بعد اردو شاعرات / (Record no. 250303)

000 -LEADER
fixed length control field 00648nam a22002057a 4500
003 - CONTROL NUMBER IDENTIFIER
control field BD-DhUL
005 - DATE AND TIME OF LATEST TRANSACTION
control field 20191014135225.0
008 - FIXED-LENGTH DATA ELEMENTS--GENERAL INFORMATION
fixed length control field 170925s2017 ii ||||| |||| 00| 0 urd d
020 ## - INTERNATIONAL STANDARD BOOK NUMBER
International Standard Book Number 9789383282418
040 ## - CATALOGING SOURCE
Original cataloging agency BD-DhUL
Transcribing agency BD-DhUL
082 ## - DEWEY DECIMAL CLASSIFICATION NUMBER
Edition number 23
Classification number 891.4391
Item number REA
100 1# - MAIN ENTRY--PERSONAL NAME
Personal name رحمانی، نجمہ۔
245 0# - TITLE STATEMENT
Title آزادی کے بعد اردو شاعرات /
Statement of responsibility, etc. نجمہ رحمانی۔
246 ## - VARYING FORM OF TITLE
Title proper/short title Āzādī ke ba'ad Urdū shā'iraat
260 ## - PUBLICATION, DISTRIBUTION, ETC. (IMPRINT)
Place of publication, distribution, etc. نئی دہلی :
Name of publisher, distributor, etc. ایم۔ آر۔ پبلی کیشنز،
Date of publication, distribution, etc. ۲۰۱۷۔
300 ## - PHYSICAL DESCRIPTION
Extent ص۔ ۱۸۴ ؛
Dimensions ۲۲ سم۔
365 ## - TRADE PRICE
Price type code IRs
Price amount 325.00
650 #4 - SUBJECT ADDED ENTRY--TOPICAL TERM
Topical term or geographic name as entry element Urdu poetry.
942 ## - ADDED ENTRY ELEMENTS (KOHA)
Source of classification or shelving scheme
Koha item type Books
Holdings
Price effective from Date last seen Permanent Location Not for loan Date acquired Source of classification or shelving scheme Koha item type Lost status Withdrawn status Copy number Source of acquisition Collection code Damaged status Shelving location Barcode Current Location Full call number
2019-10-142019-10-14Dhaka University Library 2019-05-21 Books  1PurchasedNon Fiction General Stacks508794Dhaka University Library891.4391 REA
2019-10-142019-10-14Dhaka University Library 2019-05-21 Books  2PurchasedNon Fiction General Stacks508795Dhaka University Library891.4391 REA
Last Updated on September 15, 2019
© Dhaka University Library. All Rights Reserved|Staff Login